[Event "Niederoesterreich Landesliga 0607"]
[Site "Austria"]
[Date "2006.10.01"]
[Round "2"]
[White "Kropik, Martin"]
[Black "Descovic, Nicolai"]
[Result "1/2-1/2"]
[WhiteElo "2126"]
[BlackElo "2080"]
[PlyCount "37"]
[EventDate "2006.09.17"]
[EventType "team-tourn"]
[EventRounds "11"]
[EventCountry "AUT"]
[SourceTitle "EXT 2022"]
[Source "ChessBase"]
[SourceDate "2021.10.06"]
[SourceVersion "1"]
[SourceVersionDate "2021.10.06"]
[SourceQuality "1"]

1. d4 Nf6 2. c4 g6 3. Nc3 Bg7 4. e4 d6 5. f4 0-0 6. Nf3 c5 7. d5 Bg4 8. Be2 e6 9. 0-0 exd5 10. cxd5 Nbd7 11. h3 Bxf3 12. Bxf3 Rb8 13. a4 a6 14. a5 b5 15. axb6 Qxb6 16. Kh1 Rfe8 17. Qa4 Qb4 18. Qxa6 Nb6 19. Qd3 1/2-1/2